00470nam a22001337a 450000500170000000800410001702000150005805000150007324501390008825000290022726000300025630000260028670000240031220251027202342.0251027b |||||||| |||| 00| 0 eng d a9996002497 aRT41b.I36 aCritical Thinking Guide for Medical Surgical NursingbCritical Thinking for Collaborative CarecPrepared by Carol Gamer Dignon et al., a4th ed.bRevised Reprint aSt. LouisbSaundersc2002 avi. 538p.bill.c28cm aDignon, Carol Gamer